000 00338 a2200157 4500
001 57152
020 _a8516035425
040 _cAnchieta - Pituba
100 _aBandeira, Pedro
240 1 0 _aAgora estou sozinha
_lpor
245 1 0 _aAgora estou sozinha
300 _a119
362 0 _a2003
650 4 _aLiteratura juvenil
942 _cBK
999 _c57152
_d57152